Ligue des Champions 2024-2025: Adversaires du PSG (Mort subite) - Statistiques

Statistiques générales
  • Ce quiz a été pris 1 281 fois
  • Le résultat moyen est 9 sur 12
Answers on the Grid
Answers color-coded by a green-red scale on the quiz's grid according to % correct below.
Girona FC
Arsenal
PSV Eindhoven
Atlético de Madrid
Bayern Munich
Red Bull Salzbourg
Manchester City
VfB Stuttgart
Stade Brestois
Liverpool FC
Aston Villa
Inter Milan
Real Madrid
Borussia Dortmund
FC Barcelone
Bayer Leverkusen
Feyenoord Rotterdam
Atalanta Bergame
AS Monaco
Bologne
 
Statistiques - réponses
Réponse % Correct
Phase de Ligue 0-2, Demi-finale 1-0, 2-1 Arsenal
86%
Quarts de finale 3-1, 2-3 Aston Villa
86%
Huitièmes de finale 0-1, 1-0 (4-1 tab) Liverpool FC
85%
Barrages 3-0, 7-0 Stade Brestois
83%
Phase de Ligue 4-2 Manchester City
82%
Phase de Ligue 1-0 Girona FC
76%
Finale Inter Milan
76%
Phase de Ligue 1-2 Atlético de Madrid
73%
Phase de Ligue 4-1 VfB Stuttgart
73%
Phase de Ligue 1-1 PSV Eindhoven
70%
Phase de Ligue 0-1 Bayern Munich
65%
Phase de Ligue 3-0 Red Bull Salzbourg
65%
Aucun quiz correspondant
Distribution des résultats
% des personnes avec chaque résultat
Percentile par nombre de réponses
Votre historique - résultats
Vous n’avez pas pris ce quiz